UBT Library

Oral cancer / (Record no. 41152)

000 -LEADER
fixed length control field 00596cam a2200229 a 4500
001 - CONTROL NUMBER
control field 1995531
005 - DATE AND TIME OF LATEST TRANSACTION
control field 20180129070649.0
008 - FIXED-LENGTH DATA ELEMENTS--GENERAL INFORMATION
fixed length control field 900207s1990 gaua b 000 0 eng c
010 ## - LIBRARY OF CONGRESS CONTROL NUMBER
LC control number 90000199
020 ## - INTERNATIONAL STANDARD BOOK NUMBER
International Standard Book Number 0944235050
040 ## - CATALOGING SOURCE
Original cataloging agency DNLM/DLC
Transcribing agency DLC
Modifying agency DLC
041 ## - LANGUAGE CODE
Language code of text/sound track or separate title eng
060 ## - NATIONAL LIBRARY OF MEDICINE CALL NUMBER
Classification number WU 280 O621
080 ## - UNIVERSAL DECIMAL CLASSIFICATION NUMBER
Universal Decimal Classification number 616.99431 SIL
082 00 - DEWEY DECIMAL CLASSIFICATION NUMBER
Classification number 616.99431 SIL
Edition number 20
100 ## - Rafti
Rafti 6
101 ## - Shkurtesa
Shkurtesa KAN
245 00 - TITLE STATEMENT
Title Oral cancer /
Statement of responsibility, etc [edited by] Sol Silverman, Jr.
504 ## - BIBLIOGRAPHY, ETC. NOTE
Bibliography, etc Includes bibliographical references.
906 ## - LOCAL DATA ELEMENT F, LDF (RLIN)
a 7
b cbc
c orignew
d 1
e ocip
f 19
g y-gencatlg
942 ## - ADDED ENTRY ELEMENTS (KOHA)
Source of classification or shelving scheme
Item type Books
Holdings
Withdrawn status Lost status Source of classification or shelving scheme Damaged status Not for loan Collection code Permanent location Current location Shelving location Date acquired Total Checkouts Full call number Barcode Date last seen Price effective from Koha item type
          Koleksioni i përgjithshem UBT - Lipjan UBT - Lipjan Koleksioni i përgjithshem 01/29/2018   616.99431 SIL 002-2996700 01/29/2018 01/29/2018 Books
UBT Library © 2015-2024. All rights reserved University Education for Business and Technology